MARC details
| 000 -CABECERA |
| campo de control de longitud fija |
01160nam a2200289 a 4500 |
| 001 - NÚMERO DE CONTROL |
| campo de control |
000001860 |
| 003 - IDENTIFICADOR DEL NÚMERO DE CONTROL |
| campo de control |
DO-SdBNP |
| 005 - FECHA Y HORA DE LA ÚLTIMA TRANSACCIÓN |
| campo de control |
20250714104425.0 |
| 008 - DATOS DE LONGITUD FIJA--INFORMACIÓN GENERAL |
| campo de control de longitud fija |
090629s2005 cu ac 000 0 spa d |
| 020 ## - NÚMERO INTERNACIONAL ESTÁNDAR DEL LIBRO |
| Número Internacional Estándar del Libro |
9592112711 |
| 040 ## - FUENTE DE LA CATALOGACIÓN |
| Centro catalogador/agencia de origen |
DO-SdBNP |
| Lengua de catalogación |
spa |
| Centro/agencia transcriptor |
BNPHU |
| 082 ## - NÚMERO DE LA CLASIFICACIÓN DECIMAL DEWEY |
| Número de clasificación |
972.91064 |
| Número de documento/Ítem |
R696g |
| 100 1# - ENTRADA PRINCIPAL--NOMBRE DE PERSONA |
| Nombre de persona |
Rodríguez, Juan Carlos, |
| Fechas asociadas al nombre |
1943- |
| 9 (RLIN) |
5919 |
| 245 10 - MENCIÓN DE TÍTULO |
| Título |
Girón la batalla inevitable : |
| Resto del título |
la más colosal operación de la CIA contra Fidel Castro / |
| Mención de responsabilidad, etc. |
Juan Carlos Rodríguez ; edición Iraida Aguirrechu Núñez ; correción Martha Pon Rodríguez ; prólogo José Ramón Fernández. |
| 260 ## - PUBLICACIÓN, DISTRIBUCIÓN, ETC. |
| Lugar de publicación, distribución, etc. |
La Habana : |
| Nombre del editor, distribuidor, etc. |
Capitán San Luis, |
| Fecha de publicación, distribución, etc. |
2005. |
| 300 ## - DESCRIPCIÓN FÍSICA |
| Extensión |
345 p. : |
| Otras características físicas |
il., retr. ; |
| Dimensiones |
22 cm. |
| 490 0# - MENCIÓN DE SERIE |
| Mención de serie |
Denuncia |
| 504 ## - NOTA DE BIBLIOGRAFÍA, ETC. |
| Nota de bibliografía, etc. |
Incluye referencias bibliográficas y notas al pie de las páginas. |
| 650 #7 - PUNTO DE ACCESO ADICIONAL DE MATERIA--TÉRMINO DE MATERIA |
| Término de materia o nombre geográfico como elemento de entrada |
Revolucionarios |
| 9 (RLIN) |
6063 |
| Subdivisión geográfica |
Cuba |
| 651 #4 - PUNTO DE ACCESO ADICIONAL DE MATERIA--NOMBRE GEOGRÁFICO |
| Nombre geográfico |
Cuba |
| Subdivisión general |
Historia |
| Subdivisión cronológica |
Revolución, 1959 |
| 9 (RLIN) |
2456 |
| 651 #4 - PUNTO DE ACCESO ADICIONAL DE MATERIA--NOMBRE GEOGRÁFICO |
| Nombre geográfico |
Cuba |
| Subdivisión general |
Historia |
| Subdivisión cronológica |
Conspiración de 1961 |
| 9 (RLIN) |
6062 |
| 700 1# - PUNTO DE ACCESO ADICIONAL--NOMBRE DE PERSONA |
| Nombre de persona |
Aguirrechu Núñez, Iraida, |
| Término indicativo de función/relación |
ed. |
| 9 (RLIN) |
6064 |
| 700 1# - PUNTO DE ACCESO ADICIONAL--NOMBRE DE PERSONA |
| Nombre de persona |
Pon Rodríguez, Martha, |
| Término indicativo de función/relación |
corr. |
| 9 (RLIN) |
6065 |
| 700 1# - PUNTO DE ACCESO ADICIONAL--NOMBRE DE PERSONA |
| Nombre de persona |
Fernández, José Ramón, |
| Término indicativo de función/relación |
pról. |
| 9 (RLIN) |
6066 |
| 830 #0 - PUNTO DE ACCESO ADICIONAL DE SERIE-TÍTULO UNIFORME |
| Título uniforme |
Denuncia |
| 9 (RLIN) |
5844 |
| 942 ## - ELEMENTOS DE PUNTO DE ACCESO ADICIONAL (KOHA) |
| Fuente del sistema de clasificación o colocación |
Dewey Decimal Classification |
| Tipo de ítem Koha |
Libro |